000 00411nam a22001337a 4500
008 140211b xxu||||| |||| 00| 0 eng d
050 _aBX4705.H862. C511
100 _aChauvin, Charles
_98588
245 _aPetite vie de l'abbe Huvelin (1838 - 1910) /
_cCharles Chauvin
260 _aParis
_bDesclee de Brouwer
_c20078
300 _a180p
_c18cm.
600 _aHuvelin, Henri.
_98589
942 _2lcc
_cMONOGRAPH
999 _c120027
_d120027